Fākihat al-khulafāʼ wa-mufākahat al-ẓurafāʼ /
Main Author:
Format: Book
Language: Arabic
Published:
Bulaq :
al-Matḅaʻah al-Kubrá,
1290 [1873].
Subjects:
Tags: Add Tag
Call Number: ( RA )PJ7741 .I28 F3 1873
| LEADER | 01224nam a2200253Ia 4500 | ||
|---|---|---|---|
| 003 | OSt | ||
| 005 | 20240529143807.0 | ||
| 008 | 130303s1873 ua 000 0 ara d | ||
| 952 | |0 0 |1 0 |2 lcc |4 0 |7 1 |9 29225 |a ARCE |b ARCE |d 2022-01-25 |l 0 |o ( RA )PJ7741 .I28 F3 1873 |p 1029060 |r 2022-01-25 00:00:00 |w 2022-01-25 |y BK | ||
| 999 | |c 27453 |d 27453 | ||
| 040 | |c ARCE Library | ||
| 043 | |a aw----- |a ff----- | ||
| 050 | 4 | |a ( RA )PJ7741 .I28 F3 1873 | |
| 100 | 1 | |6 880-01 |a Ibn ʿArabshāh, Aḥmad ibn Muḥammad, |d 1392-1450, |e author | |
| 245 | 1 | 0 | |6 880-02 |a Fākihat al-khulafāʼ wa-mufākahat al-ẓurafāʼ / |c li-Aḥmad ibn Muḥammad ibn ʻArabshāh al-Ḥanafī. |
| 264 | 1 | |a Bulaq : |b al-Matḅaʻah al-Kubrá, |c 1290 [1873]. | |
| 300 | |a 2, 253 pages ; |c 26 cm. | ||
| 650 | 0 | |a Arabic literature |y 1258-1800. | |
| 650 | 0 | |a Education of princes |z Islamic Empire |v Early works to 1800. | |
| 650 | 0 | |a Fables, Arabic. | |
| 880 | 1 | |6 100-01/(3/r |a ابن عرب شاه، أحمد بن محمد، |d 1392-1450. | |
| 880 | 1 | 0 | |6 245-02/(3/r |a فاكهة الخلفاء و مفاكهة الظرفاء |c لأحمد بن محمد بن عربشاه الحنفي |
| 901 | |a reviewed | ||
| 942 | |c BK |2 lcc | ||
